| 000 | 00706nam a22002052 4500 | ||
|---|---|---|---|
| 001 | 0000012153 | ||
| 005 | 20151217145855.0 | ||
| 008 | 090211s xx 000 0 eng d | ||
| 040 |
_aKABU _cKABU |
||
| 100 | 1 |
_aPetrovich, Michael B. _@0000168367 |
|
| 245 | 1 | 4 |
_aThe Human achievement : _bwith selected materials from The Past that lives today by Becker, Painter, and Han / _cMichael B. Petrovich, Philip D. Curtin. |
| 250 | _a1st ed. | ||
| 260 |
_aMorristown, NJ. : _bSilver Burdett, _c1970. |
||
| 300 | _a805 p. | ||
| 650 | 0 |
_aWorld history. _@0000152969 |
|
| 700 | 1 |
_aCurtin, Philip D. _@0000168368 |
|
| 852 | 1 | _9p500 KES | |
| 908 | _a090211 | ||
| 950 | _@1 | ||
| 999 |
_c3561 _d3561 |
||